Trouvez le joueur mystère #2 - Statistiques

Statistiques générales
  • Ce quiz a été pris 535 fois
  • Le résultat moyen est 9 sur 11
Statistiques - réponses
% Correct
Coupe du monde (nombre) : 0
96%
Compétition continentale : 0
96%
Ligue des champions : 0
96%
Poste Attaquant
95%
Pays Portugal
82%
2023-2024 (prêt) FC Barcelone
78%
Clubs :2016-2019 SL Benfica
73%
2023 (prêt) Chelsea FC
72%
2024- Chelsea FC
72%
2019-2024 Atlético Madrid
69%
Joueur mystère : João Félix
65%
Aucun quiz correspondant
Distribution des résultats
% des personnes avec chaque résultat
Percentile par nombre de réponses
Votre historique - résultats
Vous n’avez pas pris ce quiz